00286nam a2200109Ia 4500008004000000082001700040100002500057245002200082260003700104300000800141650002700149210210b1952 xxu||||| |||| 00| 0 eng d a823.914 BARL aBARRETT (William E). aLeft hand of God. aLondonbHodder & Stoughtonc1952 a255 aThe Left Hand of God